ロード中...
| LEADER | 00534nam a22001457a 4500 | ||
|---|---|---|---|
| 005 | 20151215125246.0 | ||
| 008 | 091118t xxu||||| |||| 00| 0 eng d | ||
| 082 | |a X:8 |b M04 | ||
| 100 | |a Rustomji, M.K. |9 7489 | ||
| 245 | |a Excellence in management | ||
| 942 | |c BK |6 _ | ||
| 260 | |c 1980 | ||
| 999 | |c 100422 |d 100422 | ||
| 952 | |0 0 |1 0 |2 ddc |4 0 |6 X8_M04 |7 0 |9 126651 |a SMS |b SMS |c GEN |d 2009-11-18 |o X:8 M04 |p SMS014646 |r 2009-11-18 |w 2009-11-18 |y BK | ||
| 952 | |0 0 |1 0 |2 ddc |4 0 |6 X8_M041 |7 0 |9 126652 |a SMS |b SMS |c GEN |d 2009-11-18 |o X:8 M04;1 |p SMS016575 |r 2009-11-18 |w 2009-11-18 |y BK | ||